000
00262nam a22001217a 4500
003
SGT
082
_a
615
_b
SIN
100
_a
SINGH, HIMANSHU
245
_a
PHARMACOGNOSY & PHYTOCHEMISTRY -II
260
_a
INDIA
_b
IP PUB.
_c
2024
300
_a
281
942
_2
ddc
_c
BK
999
_c
32472
_d
32472